Media samay sahitya (मीडिया समय साहित्य) (Record no. 113937)

MARC details
000 -LEADER
fixed length control field 00475 a2200157 4500
005 - DATE AND TIME OF LATEST TRANSACTION
control field 20260417102911.0
008 - FIXED-LENGTH DATA ELEMENTS--GENERAL INFORMATION
fixed length control field 260205b |||||||| |||| 00| 0 eng d
020 ## - INTERNATIONAL STANDARD BOOK NUMBER
International Standard Book Number 9789389191974
080 ## - UNIVERSAL DECIMAL CLASSIFICATION NUMBER
Universal Decimal Classification number 179.1=H
Item number BIS/M
100 ## - MAIN ENTRY--PERSONAL NAME
Personal name Bishwas, Amit Kumar
245 ## - TITLE STATEMENT
Title Media samay sahitya (मीडिया समय साहित्य)
260 ## - PUBLICATION, DISTRIBUTION, ETC. (IMPRINT)
Name of publisher, distributor, etc Ananya prakashan.
Place of publication, distribution, etc Delhi.
Date of publication, distribution, etc 2023.
300 ## - PHYSICAL DESCRIPTION
Extent 276p.
653 ## - INDEX TERM--UNCONTROLLED
Uncontrolled term Media-Ethics of the press-Hindi literature
942 ## - ADDED ENTRY ELEMENTS (KOHA)
item type Under processing
Holdings
Lost status Source of classification or shelving scheme Not for loan Home library Current library Shelving location Date acquired Cost, normal purchase price Total Checkouts Full call number Barcode Date last seen Cost, replacement price Price effective from Koha item type
  Universal Decimal Classification Not For Loan University Library University Library On Display 13/11/2024 386.75   179.1=H BIS/M 00096317 13/11/2024 595.00 13/11/2024 Books
University Library, CUSAT